000 01005nam a2200229Ia 4500
999 _c46902
_d46902
001 13755
003 GE_BSU
005 20240913160848.0
008 181216s2014||||ge |||||||||||||| ||geo||
020 _a9789941069406
040 _cGE_BSU
041 _ageo
080 _a72(479.22) თ-41
100 _aთევზძე, ნანული
_923221
245 _aარქიტექტურის პროპედევტიკა /
_cნანული თევზაძე ; რედ. ზურაბ კიკნაძე ; საქ. ტექნ. უნ-ტი.
264 _aთბილისი :
_b[გ.გ],
_c2014.
300 _a406 გვ. :
_bილ. ;
_c29 სმ.
653 _aარქიტექტურის პროპედევტიკა
700 _aკიკნაძე, ზურაბ
_eრედაქტორი
_923222
710 _aსაქრთველოს ტექნიკური უნივერსიტეტი
_92236
942 _cBK
_2udc